| 000 | 00793cam a22002893a 4500 | ||
|---|---|---|---|
| 001 | 26742 | ||
| 003 | PGUSA | ||
| 005 | 20140828083557.0 | ||
| 008 | 081001s2008||||xxu|||||s|||||000 1 eng d | ||
| 040 |
_aPGUSA _beng |
||
| 042 | _adc | ||
| 050 | 4 | _aPZ | |
| 050 | 4 | _aPS | |
| 100 | 1 |
_aPansy, _d1841-1930 |
|
| 245 | 1 | 4 |
_aThe Chautauqua Girls At Home _h[electronic resource] / _cPansy |
| 260 |
_bProject Gutenberg, _c2008 |
||
| 506 | _aPublic domain in the USA. | ||
| 516 | _aElectronic text | ||
| 653 | _aSoldiers -- Fiction | ||
| 653 | _aSisters -- Fiction | ||
| 653 | _aPhysicians -- Fiction | ||
| 653 | _aConduct of life -- Fiction | ||
| 653 | _aChristian life -- Fiction | ||
| 830 | 0 |
_aProject Gutenberg _v26742 |
|
| 856 | 4 | 0 | _uhttp://www.gutenberg.org/ebooks/26742 |
| 942 | _cEB | ||
| 999 |
_c255997 _d255997 |
||